| 000 | 01496nam a22003137a 4500 | ||
|---|---|---|---|
| 003 | OSt | ||
| 005 | 20250405040413.0 | ||
| 008 | 250324b ||||| |||| 00| 0 eng d | ||
| 040 |
_bEnglish. _cCvSU-CCAT Campus Library. _erda. |
||
| 050 |
_aUM HF 5381 _bB53 2006 |
||
| 100 |
_aBlanca, Elizabeth L., author. _915566 |
||
| 245 |
_aEmployability of the graduates of Bachelor of Science in Hotel and Restaurant Management (BSHRM) and Associate in Computer Technology (ACT) of Cavite State University-Rosario, Rosario Cavite, S.Y. 2003-2004 to 2004-2005 / _cElizabeth L. Blanca, Rizzaleen R. Gonzales, Michael Joseph A. Lapid. |
||
| 260 |
_aRosario, Cavite : _bCavite State University-CCAT Campus, _c2006 |
||
| 300 |
_avii, 23 leaves : _billustrations ; _c28 cm |
||
| 500 | _aUndergraduate Thesis (BSIE Majors in Food and Electronics Technology) -- Cavite State University-CCAT Campus, 2006. | ||
| 504 | _aIncludes bibliographical references and appendices. | ||
| 546 | _aIn English text | ||
| 650 |
_aEmployability. _99503 |
||
| 650 |
_aBSHRM -- Employability. _915967 |
||
| 650 |
_aGraduate employment. _915370 |
||
| 650 |
_aACT -- Employment. _915968 |
||
| 650 |
_aTracer studies. _915969 |
||
| 650 |
_aACT -- Graduates. _915970 |
||
| 700 |
_aGonzales, Rizzaleen R., author. _915567 |
||
| 700 |
_aLapid, Michael Joseph A., author. _915568 |
||
| 700 |
_aMerced, Caridad S., adviser. _910334 |
||
| 942 |
_2lcc _cT/M/D _kUM _hHF 5381 B53 2006 |
||
| 999 |
_c3991 _d3991 |
||